| 000 | 00813nam a2200205Ia 4500 | ||
|---|---|---|---|
| 005 | 20251020182527.0 | ||
| 008 | 200515s9999 xx 000 0 und d | ||
| 082 | _a693.3(075.8)/S72 | ||
| 100 | _aSOVERO M., Guillermo QUISPE F., Edmundo | ||
| 245 | 0 | _aEnsayos cuasi-estáticos de modelos de viviendas de adobe de dos pisos sobre plataforma rebatible | |
| 260 | _aCusco | ||
| 260 | _c1992 | ||
| 500 | _a1 ejemplar | ||
| 520 | _aInforme final de los ensayos cuasi-estáticos de seis modelos de viviendas de adobe de dos pisos, construidos a escala reducida 1/2, sobre una plataforma rebatible de concreto armado. Se describe el diseño y construcción de los modelos así como el comporta | ||
| 650 | _aADOBE | ||
| 650 | _aCONSTRUCCIONES EN TIERRA | ||
| 650 | _aLIB | ||
| 650 | _aVIVIENDAS | ||
| 942 | _cLIB | ||
| 999 |
_c1940 _d1940 |
||